Statistics for All time non-HOF NFL record holders

Click here to take the quiz!

General Stats

  • This quiz has been taken 11 times
  • The average score is 2 of 15

Answer Stats

Stat#Answer% Correct
Receiving Yards14,731Steve Smith Sr.
90%
Rushing Yards11,695Fred Taylor
30%
Touchdowns112Shaun Alexander
30%
Pass Completions3,941Carson Palmer
20%
Passing Yards46,247Carson Palmer
20%
Passing TDs294Carson Palmer
20%
Tackles1,384London Fletcher
20%
Interceptions65Ken Riley
10%
Receptions1,076Anquan Boldin
0%
Forced Fumbles44Charles Tillman
0%
Safeties4Doug English
0%
Receiving TDs85Hines Ward
0%
Tackles for loss148John Abraham
0%
Rushing TDs86Priest Holmes
0%
Passes Defended183Terence Newman
0%

Score Distribution

Percentile by Number Answered

Percent of People with Each Score

Your Score History

You have not taken this quiz